[Event "MCR_SF_01"]
[Site "?"]
[Date "2005.??.??"]
[Round "?"]
[White "Jerabek, Zdenek"]
[Black "Dotlacil, Ladislav"]
[Result "1/2-1/2"]
[WhiteElo "2248"]
[BlackElo "2322"]
[PlyCount "34"]
[EventDate "2005.??.??"]
[EventType "corr"]
[EventRounds "2"]
[SourceDate "2005.03.12"]

1. e4 Nf6 2. e5 Nd5 3. d4 d6 4. c4 Nb6 5. Bf4 dxe5 6. Bxe5 Nc6 7. Nc3 Nxe5 8.
dxe5 Be6 9. Nf3 c6 10. c5 Nd5 11. Qd2 Qa5 12. Bc4 O-O-O 13. O-O Qxc5 14. Bxd5
Bxd5 15. Nxd5 Rxd5 16. Qf4 e6 17. Qxf7 Qe7 1/2-1/2

[Event "MCR_SF_01"]
[Site "?"]
[Date "2005.??.??"]
[Round "?"]
[White "Jerabek, Zdenek"]
[Black "Kolarik, Josef"]
[Result "1-0"]
[WhiteElo "2248"]
[BlackElo "2251"]
[PlyCount "35"]
[EventDate "2005.??.??"]
[EventType "corr"]
[EventRounds "2"]
[SourceDate "2005.03.12"]

1. e4 c5 2. Nf3 Nc6 3. d4 cxd4 4. Nxd4 Nf6 5. Nc3 d6 6. Bg5 e6 7. Qd2 a6 8.
O-O-O Bd7 9. f4 b5 10. Bxf6 gxf6 11. Kb1 b4 12. Nce2 Qb6 13. f5 Nxd4 14. Nxd4
e5 15. Ne2 h5 16. h4 Bh6 17. Qxd6 Qxd6 18. Rxd6 1-0

[Event "MCR_SF_01"]
[Site "?"]
[Date "2005.??.??"]
[Round "?"]
[White "Kolarik, Josef"]
[Black "Jerabek, Zdenek"]
[Result "0-1"]
[WhiteElo "2251"]
[BlackElo "2248"]
[PlyCount "54"]
[EventDate "2005.??.??"]
[EventType "corr"]
[EventRounds "2"]
[SourceDate "2005.03.12"]

1. d4 Nf6 2. c4 g6 3. Nc3 Bg7 4. e4 d6 5. f3 O-O 6. Be3 c5 7. Nge2 cxd4 8. Nxd4
Nc6 9. Be2 Bd7 10. O-O Qb6 11. Qd3 Qxb2 12. Rfb1 Qa3 13. Rxb7 Ne5 14. Qc2 Rfc8
15. Qb3 Qa5 16. Nd5 Nxd5 17. exd5 Ba4 18. Qb4 Qxb4 19. Rxb4 Bd7 20. Re1 Kf8 21.
Rb7 a5 22. Rc1 Rab8 23. Ra7 Rb4 24. f4 Ng4 25. Bxg4 Bxg4 26. Nc6 Rb2 27. h3 Bf5
0-1

[Event "MCR_SF_01"]
[Site "?"]
[Date "2005.??.??"]
[Round "?"]
[White "Kolarik, Josef"]
[Black "Dotlacil, Ladislav"]
[Result "0-1"]
[WhiteElo "2251"]
[BlackElo "2322"]
[PlyCount "32"]
[EventDate "2005.??.??"]
[EventType "corr"]
[EventRounds "2"]
[SourceDate "2005.03.12"]

1. d4 Nf6 2. c4 g6 3. Nc3 d5 4. Nf3 Bg7 5. Qb3 dxc4 6. Qxc4 O-O 7. e4 Bg4 8.
Be3 Nfd7 9. Qb3 Nb6 10. Rd1 c6 11. h3 Bxf3 12. gxf3 e6 13. h4 h5 14. a4 Qc7 15.
Rc1 Rd8 16. e5 Nd5 0-1

[Event "MCR_SF_01"]
[Site "?"]
[Date "2005.??.??"]
[Round "?"]
[White "Dotlacil, Ladislav"]
[Black "Kolarik, Josef"]
[Result "1-0"]
[WhiteElo "2322"]
[BlackElo "2251"]
[PlyCount "33"]
[EventDate "2005.??.??"]
[EventType "corr"]
[EventRounds "2"]
[SourceDate "2005.03.12"]

1. c4 Nf6 2. Nc3 e6 3. e4 d5 4. e5 d4 5. exf6 dxc3 6. bxc3 Qxf6 7. Nf3 e5 8.
Bd3 Na6 9. O-O Bd6 10. Bc2 Bg4 11. d4 Bxf3 12. Qxf3 Qxf3 13. gxf3 O-O-O 14. Rb1
c5 15. Be4 b6 16. dxc5 Nxc5 17. Be3 1-0

[Event "MCR_SF_01"]
[Site "?"]
[Date "2005.??.??"]
[Round "?"]
[White "Kolarik, Josef"]
[Black "Volek, Stanislav"]
[Result "0-1"]
[WhiteElo "2251"]
[BlackElo "2287"]
[PlyCount "25"]
[EventDate "2005.??.??"]
[EventType "corr"]
[EventRounds "2"]
[SourceDate "2005.03.12"]

1. d4 e6 2. c4 c5 3. d5 Nf6 4. Nc3 exd5 5. cxd5 d6 6. Nf3 g6 7. e4 a6 8. h3 b5
9. Bd3 Bg7 10. O-O c4 11. Bc2 O-O 12. Bf4 Re8 13. Re1 0-1

[Event "MCR_SF_01"]
[Site "?"]
[Date "2005.??.??"]
[Round "?"]
[White "Volek, Stanislav"]
[Black "Kolarik, Josef"]
[Result "1-0"]
[WhiteElo "2287"]
[BlackElo "2251"]
[PlyCount "24"]
[EventDate "2005.??.??"]
[EventType "corr"]
[EventRounds "2"]
[SourceDate "2005.03.12"]

1. d4 Nf6 2. Nf3 d5 3. c4 e6 4. Nc3 c6 5. e3 Nbd7 6. Qc2 Bd6 7. Be2 O-O 8. O-O
dxc4 9. Bxc4 Qe7 10. h3 e5 11. Bb3 a5 12. Bd2 b5 1-0

[Event "MCR_SF_01"]
[Site "?"]
[Date "2005.??.??"]
[Round "?"]
[White "Kolarik, Josef"]
[Black "Trs, Jan"]
[Result "0-1"]
[WhiteElo "2251"]
[BlackElo "2220"]
[PlyCount "22"]
[EventDate "2005.??.??"]
[EventType "corr"]
[EventRounds "2"]
[SourceDate "2005.03.12"]

1. d4 Nf6 2. c4 g6 3. Nc3 Bg7 4. e4 d6 5. f3 O-O 6. Nge2 c5 7. d5 e6 8. Ng3
exd5 9. cxd5 a6 10. a4 Nbd7 11. Be2 h5 0-1

[Event "MCR_SF_01"]
[Site "?"]
[Date "2005.??.??"]
[Round "?"]
[White "Trs, Jan"]
[Black "Kolarik, Josef"]
[Result "1-0"]
[WhiteElo "2220"]
[BlackElo "2251"]
[PlyCount "25"]
[EventDate "2005.??.??"]
[EventType "corr"]
[EventRounds "2"]
[SourceDate "2005.03.12"]

1. c4 Nf6 2. Nc3 e6 3. e4 d5 4. e5 d4 5. exf6 dxc3 6. bxc3 Qxf6 7. d4 e5 8. Nf3
exd4 9. Bg5 Qe6+ 10. Be2 h6 11. Nxd4 Qe5 12. Bh4 Be7 13. Bg3 1-0

[Event "MCR_SF_01"]
[Site "?"]
[Date "2005.??.??"]
[Round "?"]
[White "Kolarik, Josef"]
[Black "Mateka, Petr"]
[Result "0-1"]
[WhiteElo "2251"]
[BlackElo "2188"]
[PlyCount "22"]
[EventDate "2005.??.??"]
[EventType "corr"]
[EventRounds "2"]
[SourceDate "2005.03.12"]

1. d4 Nf6 2. c4 e6 3. Nc3 Bb4 4. Qc2 O-O 5. a3 Bxc3+ 6. Qxc3 d6 7. Bg5 h6 8.
Bh4 Nbd7 9. Nf3 Re8 10. c5 e5 11. dxe5 dxe5 0-1

[Event "MCR_SF_01"]
[Site "?"]
[Date "2005.??.??"]
[Round "?"]
[White "Jirku, Jaroslav"]
[Black "Kolarik, Josef"]
[Result "1-0"]
[WhiteElo "2260"]
[BlackElo "2251"]
[PlyCount "26"]
[EventDate "2005.??.??"]
[EventType "corr"]
[EventRounds "2"]
[SourceDate "2005.03.12"]

1. e4 c5 2. Nf3 Nc6 3. d4 cxd4 4. Nxd4 Nf6 5. Nc3 d6 6. Bg5 e6 7. Qd2 a6 8.
O-O-O Bd7 9. f4 h6 10. Bh4 h5 11. Bxf6 gxf6 12. f5 h4 13. Nce2 e5 1-0

[Event "MCR_SF_01"]
[Site "?"]
[Date "2005.??.??"]
[Round "?"]
[White "Kolarik, Josef"]
[Black "Jirku, Jaroslav"]
[Result "0-1"]
[WhiteElo "2251"]
[BlackElo "2260"]
[PlyCount "23"]
[EventDate "2005.??.??"]
[EventType "corr"]
[EventRounds "2"]
[SourceDate "2005.03.12"]

1. d4 d5 2. c4 e6 3. Nc3 Nf6 4. cxd5 exd5 5. Bg5 Be7 6. e3 O-O 7. Bd3 Nbd7 8.
Nge2 Re8 9. Qc2 Nf8 10. O-O-O c6 11. h3 b5 12. g4 0-1

[Event "MCR_SF_01"]
[Site "?"]
[Date "2005.??.??"]
[Round "?"]
[White "Dotlacil, Ladislav"]
[Black "Volek, Stanislav"]
[Result "1/2-1/2"]
[WhiteElo "2322"]
[BlackElo "2287"]
[PlyCount "33"]
[EventDate "2005.??.??"]
[EventType "corr"]
[EventRounds "2"]
[SourceDate "2005.03.12"]

1. c4 Nf6 2. Nc3 e6 3. e4 d5 4. e5 d4 5. exf6 dxc3 6. bxc3 gxf6 7. d4 c5 8. Nf3
Nc6 9. d5 Ne7 10. Qb3 Qb6 11. Ba3 Rg8 12. Rd1 Bd7 13. Nd2 Qxb3 14. axb3 exd5
15. Bxc5 Nf5 16. Bxf8 Kxf8 17. Nf3 1/2-1/2

[Event "MCR_SF_01"]
[Site "?"]
[Date "2005.??.??"]
[Round "?"]
[White "Kuchta, Jiri"]
[Black "Kolarik, Josef"]
[Result "1-0"]
[WhiteElo "2236"]
[BlackElo "2251"]
[PlyCount "35"]
[EventDate "2005.??.??"]
[EventType "corr"]
[EventRounds "2"]
[SourceDate "2005.03.12"]

1. c4 Nf6 2. Nf3 e6 3. d4 d5 4. e3 c6 5. Bd3 Nbd7 6. Nbd2 Bd6 7. O-O O-O 8. Qc2
Re8 9. Re1 e5 10. cxd5 cxd5 11. dxe5 Nxe5 12. Nxe5 Bxe5 13. Nf3 Bd6 14. Rd1 Bg4
15. Bf5 Bh5 16. Rd4 g6 17. Bd3 Rc8 18. Qb3 1-0

[Event "MCR_SF_01"]
[Site "?"]
[Date "2005.??.??"]
[Round "?"]
[White "Kolarik, Josef"]
[Black "Kuchta, Jiri"]
[Result "0-1"]
[WhiteElo "2251"]
[BlackElo "2236"]
[PlyCount "36"]
[EventDate "2005.??.??"]
[EventType "corr"]
[EventRounds "2"]
[SourceDate "2005.03.12"]

1. d4 d5 2. c4 dxc4 3. Nf3 Nf6 4. e3 e6 5. Bxc4 c5 6. O-O cxd4 7. exd4 Bd6 8.
Nc3 O-O 9. Bg5 h6 10. Bh4 Nbd7 11. Re1 a6 12. Bb3 g5 13. Bg3 Bxg3 14. hxg3 b5
15. d5 Nc5 16. dxe6 Bxe6 17. Bxe6 Nxe6 18. Qc2 Qb6 0-1

[Event "MCR_SF_01"]
[Site "?"]
[Date "2005.??.??"]
[Round "?"]
[White "Kuchta, Jiri"]
[Black "Jerabek, Zdenek"]
[Result "1/2-1/2"]
[WhiteElo "2236"]
[BlackElo "2248"]
[PlyCount "46"]
[EventDate "2005.??.??"]
[EventType "corr"]
[EventRounds "2"]
[SourceDate "2005.03.12"]

1. c4 Nf6 2. Nf3 g6 3. d4 Bg7 4. Nc3 O-O 5. e4 d6 6. Be2 e5 7. dxe5 dxe5 8.
Qxd8 Rxd8 9. Bg5 Re8 10. Nd5 Nxd5 11. cxd5 c6 12. Bc4 cxd5 13. Bxd5 Nc6 14.
O-O-O Nb4 15. Bb3 a5 16. Kb1 Bg4 17. Bd2 Nc6 18. Bd5 Ne7 19. Bc4 Rac8 20. Rc1
Bd7 21. Bd3 Bc6 22. Bc3 f6 23. g4 Red8 1/2-1/2

[Event "MCR_SF_01"]
[Site "?"]
[Date "2005.??.??"]
[Round "?"]
[White "Jerabek, Zdenek"]
[Black "Kuchta, Jiri"]
[Result "1/2-1/2"]
[WhiteElo "2248"]
[BlackElo "2236"]
[PlyCount "45"]
[EventDate "2005.??.??"]
[EventType "corr"]
[EventRounds "2"]
[SourceDate "2005.03.12"]

1. e4 c6 2. d4 d5 3. e5 Bf5 4. c4 dxc4 5. Bxc4 e6 6. Ne2 Nd7 7. O-O Ne7 8. Ng3
Bg6 9. Nc3 Nf5 10. Nce2 Nb6 11. Bb3 Nxg3 12. fxg3 Nd5 13. Nf4 Nxf4 14. Bxf4 Be7
15. Be3 O-O 16. Qg4 a5 17. a4 Kh8 18. Qe2 Qd7 19. Rad1 Rad8 20. Rf2 Kg8 21. Bc4
Kh8 22. Bb3 Kg8 23. Bc4 1/2-1/2

[Event "MCR_SF_01"]
[Site "?"]
[Date "2005.??.??"]
[Round "?"]
[White "Jerabek, Zdenek"]
[Black "Volek, Stanislav"]
[Result "1/2-1/2"]
[WhiteElo "2248"]
[BlackElo "2287"]
[PlyCount "56"]
[EventDate "2005.??.??"]
[EventType "corr"]
[EventRounds "2"]
[SourceDate "2005.03.12"]

1. e4 e6 2. d4 d5 3. Nd2 c5 4. Ngf3 Nc6 5. exd5 exd5 6. dxc5 Bxc5 7. Nb3 Bb6 8.
Bd3 Nge7 9. O-O O-O 10. Re1 Ng6 11. h3 Qf6 12. c3 Nh4 13. Nfd4 Nxd4 14. Nxd4
Bxd4 15. cxd4 Bf5 16. Bxf5 Qxf5 17. Re5 Qg6 18. Qg4 Qxg4 19. hxg4 Rfd8 20. Bg5
Ng6 21. Bxd8 Nxe5 22. dxe5 Rxd8 23. f4 Rc8 24. Rd1 Rc5 25. f5 Kf8 26. b4 Rc4
27. Rxd5 Rxb4 28. f6 Ke8 1/2-1/2

[Event "MCR_SF_01"]
[Site "?"]
[Date "2005.??.??"]
[Round "?"]
[White "Kuchta, Jiri"]
[Black "Dotlacil, Ladislav"]
[Result "1/2-1/2"]
[WhiteElo "2236"]
[BlackElo "2322"]
[PlyCount "55"]
[EventDate "2005.??.??"]
[EventType "corr"]
[EventRounds "2"]
[SourceDate "2005.03.12"]

1. c4 Nf6 2. Nf3 g6 3. d4 Bg7 4. Nc3 d5 5. Qb3 dxc4 6. Qxc4 O-O 7. e4 Bg4 8.
Ne5 Nc6 9. Nxc6 bxc6 10. Be3 Rb8 11. b3 Nd7 12. Rc1 e5 13. d5 cxd5 14. Nxd5 Nb6
15. Qc5 Nxd5 16. exd5 Re8 17. f3 Bf5 18. Bb5 Bf8 19. Qc4 Bd7 20. Bxd7 Qxd7 21.
O-O Bd6 22. Qd3 Rb4 23. Rc4 Qb5 24. Rd1 Rb8 25. Rxb4 Qxb4 26. Qc4 Qa5 27. a4 a6
28. Kf2 1/2-1/2

[Event "MCR_SF_01"]
[Site "?"]
[Date "2005.??.??"]
[Round "?"]
[White "Dotlacil, Ladislav"]
[Black "Kuchta, Jiri"]
[Result "1/2-1/2"]
[WhiteElo "2322"]
[BlackElo "2236"]
[PlyCount "58"]
[EventDate "2005.??.??"]
[EventType "corr"]
[EventRounds "2"]
[SourceDate "2005.03.12"]

1. c4 e5 2. Nc3 Nc6 3. Nf3 Nf6 4. d3 d5 5. cxd5 Nxd5 6. a3 Bc5 7. e3 O-O 8. Be2
Be7 9. Bd2 Be6 10. O-O Qd7 11. Qc2 f5 12. b4 a6 13. Rfc1 Nb6 14. b5 axb5 15.
Nxb5 e4 16. Ne1 Bh4 17. Rab1 Nd5 18. g3 Bf6 19. dxe4 fxe4 20. Ng2 Nce7 21. Bc3
c6 22. Bxf6 Rxf6 23. Nd4 Rxa3 24. Nxe6 Qxe6 25. Rxb7 Rc3 26. Qb2 Rxc1+ 27. Qxc1
h6 28. Nf4 Qe5 29. Bd1 g5 1/2-1/2

[Event "MCR_SF_01"]
[Site "?"]
[Date "2005.??.??"]
[Round "?"]
[White "Jirku, Jaroslav"]
[Black "Dotlacil, Ladislav"]
[Result "1/2-1/2"]
[WhiteElo "2260"]
[BlackElo "2322"]
[PlyCount "34"]
[EventDate "2005.??.??"]
[EventType "corr"]
[EventRounds "2"]
[SourceDate "2005.03.12"]

1. e4 Nf6 2. e5 Nd5 3. d4 d6 4. c4 Nb6 5. f4 g6 6. Nc3 Bg7 7. Be3 Be6 8. Nf3
O-O 9. b3 c5 10. dxc5 N6d7 11. cxd6 exd6 12. Qd2 dxe5 13. Rd1 Nc6 14. Bd3 exf4
15. Bxf4 Nde5 16. Nxe5 Nxe5 17. Be2 Qxd2+ 1/2-1/2

[Event "MCR_SF_01"]
[Site "?"]
[Date "2005.??.??"]
[Round "?"]
[White "Volek, Stanislav"]
[Black "Jerabek, Zdenek"]
[Result "1/2-1/2"]
[WhiteElo "2287"]
[BlackElo "2248"]
[PlyCount "62"]
[EventDate "2005.??.??"]
[EventType "corr"]
[EventRounds "2"]
[SourceDate "2005.03.12"]

1. d4 Nf6 2. Nf3 g6 3. c4 Bg7 4. g3 O-O 5. Bg2 d6 6. O-O Nbd7 7. Nc3 e5 8. h3
c6 9. e4 exd4 10. Nxd4 Re8 11. b3 Nc5 12. Re1 h6 13. Rb1 a5 14. Bf4 g5 15. Bc1
Bd7 16. Re2 g4 17. hxg4 Nxg4 18. Bf4 Qf6 19. Rd2 Ne5 20. Nde2 Bf8 21. Qf1 Rad8
22. Rbd1 Qg6 23. Nd4 Bg7 24. Qe2 h5 25. f3 f5 26. exf5 Bxf5 27. Nxf5 Qxf5 28.
Rxd6 Rxd6 29. Rxd6 h4 30. Ne4 Nxf3+ 31. Bxf3 Nxe4 1/2-1/2

[Event "MCR_SF_01"]
[Site "?"]
[Date "2005.??.??"]
[Round "?"]
[White "Dotlacil, Ladislav"]
[Black "Trs, Jan"]
[Result "0-1"]
[WhiteElo "2322"]
[BlackElo "2220"]
[PlyCount "42"]
[EventDate "2005.??.??"]
[EventType "corr"]
[EventRounds "2"]
[SourceDate "2005.03.12"]

1. Nf3 d5 2. d4 Nf6 3. e3 e6 4. Bd3 c5 5. b3 Nc6 6. O-O Bd6 7. Bb2 cxd4 8. exd4
O-O 9. a3 b6 10. Nbd2 Bb7 11. Qe2 Nh5 12. g3 Nf6 13. Ne5 Rc8 14. f4 Ne7 15.
Rac1 a6 16. c4 Nf5 17. g4 dxc4 18. bxc4 Bxe5 19. fxe5 Nxd4 20. Qf2 Nxg4 21.
Qxd4 Qh4 0-1

[Event "MCR_SF_01"]
[Site "?"]
[Date "2005.??.??"]
[Round "?"]
[White "Dotlacil, Ladislav"]
[Black "Jerabek, Zdenek"]
[Result "1/2-1/2"]
[WhiteElo "2322"]
[BlackElo "2248"]
[PlyCount "51"]
[EventDate "2005.??.??"]
[EventType "corr"]
[EventRounds "2"]
[SourceDate "2005.03.12"]

1. Nf3 c5 2. b3 d5 3. e3 Nf6 4. Bb2 Bg4 5. h3 Bxf3 6. Qxf3 Nc6 7. Bb5 Qd6 8. c4
O-O-O 9. cxd5 Nb4 10. O-O Qxd5 11. Qxd5 Nbxd5 12. Rc1 e6 13. d4 b6 14. dxc5
Bxc5 15. a4 a5 16. Bd4 Ne4 17. Bxg7 Rhg8 18. Bd4 Kb7 19. Bxc5 Nxc5 20. Bc4 f5
21. Nc3 f4 22. Bxd5+ exd5 23. Rd1 fxe3 24. fxe3 Kc6 25. Rf1 Rge8 26. Rf6+
1/2-1/2

[Event "MCR_SF_01"]
[Site "?"]
[Date "2005.??.??"]
[Round "?"]
[White "Trs, Jan"]
[Black "Dotlacil, Ladislav"]
[Result "1/2-1/2"]
[WhiteElo "2220"]
[BlackElo "2322"]
[PlyCount "46"]
[EventDate "2005.??.??"]
[EventType "corr"]
[EventRounds "2"]
[SourceDate "2005.03.12"]

1. c4 Nf6 2. Nc3 d5 3. cxd5 Nxd5 4. Nf3 g6 5. Qa4+ c6 6. Qd4 f6 7. e4 e5 8.
Nxe5 Nxc3 9. Qxc3 Qe7 10. Nf3 Qxe4+ 11. Be2 Nd7 12. O-O Bb4 13. d3 Qe7 14. Qc2
Nb6 15. Bh6 Be6 16. a3 Bd6 17. Rae1 O-O-O 18. Be3 Qc7 19. b4 a6 20. Bxb6 Qxb6
21. Qc3 Rhf8 22. d4 Bd5 23. Bc4 Bxf3 1/2-1/2

[Event "MCR_SF_01"]
[Site "?"]
[Date "2005.??.??"]
[Round "?"]
[White "Volek, Stanislav"]
[Black "Dotlacil, Ladislav"]
[Result "1-0"]
[WhiteElo "2287"]
[BlackElo "2322"]
[PlyCount "61"]
[EventDate "2005.??.??"]
[EventType "corr"]
[EventRounds "2"]
[SourceDate "2005.03.12"]

1. d4 Nf6 2. Nf3 d5 3. c4 e6 4. Nc3 Be7 5. Bg5 O-O 6. e3 h6 7. Bh4 Nbd7 8. Rc1
c6 9. Bd3 dxc4 10. Bxc4 Nd5 11. Bg3 Nxc3 12. bxc3 Nf6 13. Bd3 c5 14. O-O b6 15.
Ne5 Bb7 16. Qe2 Bd6 17. Bh4 Bxe5 18. dxe5 Qd5 19. f4 Ne4 20. Rfd1 a6 21. c4 Qc6
22. Rc2 Rfb8 23. Qg4 Kh8 24. f5 exf5 25. Qxf5 Qg6 26. Qf4 Qh5 27. Rf1 g5 28.
Qf5 Qg6 29. Qxf7 Qxf7 30. Rxf7 Rd8 31. Be2 1-0

[Event "MCR_SF_01"]
[Site "?"]
[Date "2005.??.??"]
[Round "?"]
[White "Dotlacil, Ladislav"]
[Black "Mateka, Petr"]
[Result "0-1"]
[WhiteElo "2322"]
[BlackElo "2188"]
[PlyCount "50"]
[EventDate "2005.??.??"]
[EventType "corr"]
[EventRounds "2"]
[SourceDate "2005.03.12"]

1. Nf3 Nf6 2. b3 d5 3. Bb2 e6 4. e3 Nbd7 5. d4 c5 6. Nbd2 Be7 7. Bd3 O-O 8. O-O
cxd4 9. exd4 Nh5 10. g3 Nb8 11. Ne5 Nf6 12. f4 a5 13. a3 Nc6 14. Qe2 Qc7 15.
Rac1 Rb8 16. c4 dxc4 17. bxc4 b6 18. Ne4 Nxe5 19. fxe5 Nxe4 20. Qxe4 g6 21. Be2
Qd7 22. Qe3 Ba6 23. Rf2 Rbc8 24. Bf1 Qa4 25. Be2 Bxc4 0-1

[Event "MCR_SF_01"]
[Site "?"]
[Date "2005.??.??"]
[Round "?"]
[White "Mateka, Petr"]
[Black "Dotlacil, Ladislav"]
[Result "1-0"]
[WhiteElo "2188"]
[BlackElo "2322"]
[PlyCount "51"]
[EventDate "2005.??.??"]
[EventType "corr"]
[EventRounds "2"]
[SourceDate "2005.03.12"]

1. e4 Nf6 2. e5 Nd5 3. d4 d6 4. Nf3 g6 5. Bc4 Nb6 6. Bb3 Bg7 7. a4 a5 8. O-O
O-O 9. Nc3 Nc6 10. exd6 cxd6 11. d5 Ne5 12. Nxe5 Bxe5 13. Re1 Nd7 14. Be3 Bg7
15. Bd4 Bxd4 16. Qxd4 Nc5 17. Bc4 Bf5 18. Re2 Rb8 19. b3 Re8 20. Rae1 Rc8 21.
Qf4 b6 22. Nb5 Bd7 23. Qh6 Bg4 24. Rd2 Bf5 25. Re3 Qd7 26. Nd4 1-0

[Event "MCR_SF_01"]
[Site "?"]
[Date "2005.??.??"]
[Round "?"]
[White "Volek, Stanislav"]
[Black "Jirku, Jaroslav"]
[Result "1/2-1/2"]
[WhiteElo "2287"]
[BlackElo "2260"]
[PlyCount "63"]
[EventDate "2005.??.??"]
[EventType "corr"]
[EventRounds "2"]
[SourceDate "2005.03.12"]

1. d4 d5 2. Nf3 Nf6 3. c4 e6 4. Nc3 Be7 5. Bg5 O-O 6. e3 h6 7. Bh4 b6 8. Qc2
Bb7 9. Bxf6 Bxf6 10. cxd5 exd5 11. g4 c5 12. O-O-O cxd4 13. exd4 Nc6 14. h4 g6
15. g5 hxg5 16. hxg5 Bxg5+ 17. Kb1 Kg7 18. a3 Bf6 19. Rg1 Rh8 20. Bd3 Rh6 21.
Ne2 Qd6 22. Qd2 Re8 23. Ng3 Bc8 24. Bf5 Bd7 25. Bxd7 Qxd7 26. Qf4 Rh7 27. Rc1
a5 28. Nf5+ Kf8 29. N5h4 Kg7 30. Nf5+ Kf8 31. N5h4 Kg7 32. Nf5+ 1/2-1/2

[Event "MCR_SF_01"]
[Site "?"]
[Date "2005.??.??"]
[Round "?"]
[White "Trs, Jan"]
[Black "Volek, Stanislav"]
[Result "1/2-1/2"]
[WhiteElo "2220"]
[BlackElo "2287"]
[PlyCount "76"]
[EventDate "2005.??.??"]
[EventType "corr"]
[EventRounds "2"]
[SourceDate "2005.03.12"]

1. d4 e6 2. e4 d5 3. Nc3 Bb4 4. e5 c5 5. a3 Bxc3+ 6. bxc3 Ne7 7. Qg4 cxd4 8.
Qxg7 Rg8 9. Qxh7 Qc7 10. Ne2 Nbc6 11. f4 Bd7 12. Qd3 dxc3 13. Nxc3 a6 14. Rb1
Nf5 15. g4 Nh4 16. h3 Na5 17. Be3 Nc4 18. Ne4 Nxe3 19. Nf6+ Ke7 20. Nxg8+ Rxg8
21. Qxe3 Qxc2 22. Rd1 Bc6 23. Rd2 d4 24. Rxc2 dxe3 25. Rxc6 bxc6 26. Bc4 Ng2+
27. Ke2 Nxf4+ 28. Kxe3 Ng6 29. Ke4 Rh8 30. Be2 a5 31. a4 Kf8 32. Rc1 Rxh3 33.
Rc5 Rh2 34. Ke3 Ne7 35. Bf3 Ra2 36. Rxa5 Ra3+ 37. Kf4 Kg7 38. Be4 Nd5+ 1/2-1/2

[Event "MCR_SF_01"]
[Site "?"]
[Date "2005.??.??"]
[Round "?"]
[White "Mateka, Petr"]
[Black "Volek, Stanislav"]
[Result "1/2-1/2"]
[WhiteElo "2188"]
[BlackElo "2287"]
[PlyCount "58"]
[EventDate "2005.??.??"]
[EventType "corr"]
[EventRounds "2"]
[SourceDate "2005.03.12"]

1. e4 e6 2. d4 d5 3. Nc3 Bb4 4. e5 c5 5. Bd2 Ne7 6. Nb5 Bxd2+ 7. Qxd2 O-O 8.
dxc5 Nd7 9. Qc3 Nc6 10. f4 f6 11. Nf3 fxe5 12. fxe5 b6 13. cxb6 Qxb6 14. a4 a5
15. O-O-O Nc5 16. Qe3 Bd7 17. Nd6 Qb4 18. Bb5 Nxa4 19. Qa3 Qxa3 20. bxa3 Nc3
21. Bxc6 Bxc6 22. Rd3 Nb5 23. Ng5 Nxd6 24. exd6 Rf6 25. Re1 Bd7 26. Rde3 e5 27.
Rxe5 Rxd6 28. Rd1 Bc6 29. Nf3 Rf8 1/2-1/2

[Event "MCR_SF_01"]
[Site "?"]
[Date "2005.??.??"]
[Round "?"]
[White "Volek, Stanislav"]
[Black "Mateka, Petr"]
[Result "1/2-1/2"]
[WhiteElo "2287"]
[BlackElo "2188"]
[PlyCount "59"]
[EventDate "2005.??.??"]
[EventType "corr"]
[EventRounds "2"]
[SourceDate "2005.03.12"]

1. d4 Nf6 2. Nf3 e6 3. c4 Bb4+ 4. Bd2 Qe7 5. g3 O-O 6. Bg2 Nc6 7. Nc3 d6 8. O-O
Re8 9. d5 Nd8 10. Re1 e5 11. Qc2 e4 12. Ng5 Bxc3 13. Bxc3 e3 14. f3 h6 15. Bxf6
Qxf6 16. Qh7+ Kf8 17. Ne4 Qg6 18. Qxg6 fxg6 19. Rac1 Bf5 20. Rc3 Bxe4 21. fxe4
c5 22. dxc6 Nxc6 23. Rd1 Rad8 24. Rxe3 b6 25. Rf3+ Ke7 26. Ra3 a5 27. Rb3 Rb8
28. Rbd3 Red8 29. b3 g5 30. h3 1/2-1/2

[Event "MCR_SF_01"]
[Site "?"]
[Date "2005.??.??"]
[Round "?"]
[White "Volek, Stanislav"]
[Black "Kuchta, Jiri"]
[Result "0-1"]
[WhiteElo "2287"]
[BlackElo "2236"]
[PlyCount "88"]
[EventDate "2005.??.??"]
[EventType "corr"]
[EventRounds "2"]
[SourceDate "2005.03.12"]

1. d4 d5 2. Nf3 Nf6 3. c4 e6 4. Nc3 c6 5. e3 Bd6 6. Bd3 Nbd7 7. e4 dxe4 8. Nxe4
Nxe4 9. Bxe4 Nf6 10. Bc2 Bb4+ 11. Bd2 Qa5 12. O-O Bxd2 13. Nxd2 O-O 14. Qe2 Rd8
15. Rfe1 Qb6 16. Nf3 c5 17. dxc5 Qxc5 18. Rad1 Bd7 19. Ne5 Bc6 20. h3 Rac8 21.
a3 a5 22. Nxc6 Qxc6 23. b4 Rxd1 24. Rxd1 b6 25. Rd4 Qc7 26. f4 axb4 27. axb4
Qe7 28. Qd2 h5 29. g3 Ra8 30. Kf2 g6 31. Qc3 h4 32. g4 Qc7 33. Qf3 Ra2 34. Qb3
Qa7 35. Ke1 Ra1+ 36. Bd1 Qa8 37. Kf2 Ne4+ 38. Ke3 e5 39. fxe5 Ng5 40. Rd3 Qh1
41. Kd4 b5 42. Kc3 Qh2 43. Qc2 Qxe5+ 44. Kb3 bxc4+ 0-1

[Event "MCR_SF_01"]
[Site "?"]
[Date "2005.??.??"]
[Round "?"]
[White "Kuchta, Jiri"]
[Black "Volek, Stanislav"]
[Result "0-1"]
[WhiteElo "2236"]
[BlackElo "2287"]
[PlyCount "94"]
[EventDate "2005.??.??"]
[EventType "corr"]
[EventRounds "2"]
[SourceDate "2005.03.12"]

1. c4 Nf6 2. Nf3 c5 3. d4 cxd4 4. Nxd4 Nc6 5. Nc3 e6 6. Ndb5 Bc5 7. Nd6+ Ke7 8.
Nce4 Bb4+ 9. Bd2 Nxe4 10. Nxe4 d5 11. Bxb4+ Nxb4 12. Nd2 dxc4 13. a3 Nc6 14. e3
c3 15. bxc3 Qd5 16. Qc2 Rd8 17. Nf3 Ne5 18. Nxe5 Qxe5 19. Bd3 Bd7 20. Be4 Rac8
21. Rc1 b6 22. O-O Bb5 23. Rfe1 f5 24. a4 Ba6 25. Bf3 Rd3 26. c4 Rxc4 27. Qxd3
Rxc1 28. Qa3+ Rc5 29. Qb4 g5 30. e4 f4 31. Qb1 Rc4 32. a5 bxa5 33. Rd1 Rc5 34.
Qa2 Qc3 35. Be2 Bxe2 36. Qxe2 Qc2 37. Qf3 a4 38. e5 a3 39. Qb7+ Rc7 40. Qb4+
Kf7 41. Qd4 Rb7 42. h4 a2 43. Kh2 Kg6 44. Qd8 Qf5 45. Qg8+ Kh5 46. Ra1 Rb2 47.
hxg5 Rxf2 0-1

[Event "MCR_SF_01"]
[Site "?"]
[Date "2005.??.??"]
[Round "?"]
[White "Mateka, Petr"]
[Black "Kuchta, Jiri"]
[Result "1/2-1/2"]
[WhiteElo "2188"]
[BlackElo "2236"]
[PlyCount "91"]
[EventDate "2005.??.??"]
[EventType "corr"]
[EventRounds "2"]
[SourceDate "2005.03.12"]

1. e4 c6 2. d4 d5 3. Nc3 dxe4 4. Nxe4 Nd7 5. Bc4 Ngf6 6. Nxf6+ Nxf6 7. c3 Qc7
8. Ne2 e6 9. Bf4 Bd6 10. Qd2 Bxf4 11. Qxf4 Qxf4 12. Nxf4 b6 13. O-O-O Ne4 14.
Nd3 Nd6 15. Bb3 Bb7 16. Rhe1 Ke7 17. f4 a5 18. g4 a4 19. Bc2 a3 20. f5 axb2+
21. Kxb2 Nc4+ 22. Ka1 g5 23. Bb3 Na5 24. Bxe6 Kf8 25. Ne5 fxe6 26. Nd7+ Kf7 27.
fxe6+ Ke7 28. Nxb6 Ra6 29. Nd7 Nc4 30. Nc5 Ra7 31. Rf1 Nd6 32. Rf2 Ba6 33. h4
h5 34. Rg1 hxg4 35. Rxg4 Rxh4 36. Rxg5 Rh7 37. Rfg2 Ne8 38. Kb2 Bc4 39. a4 Bd5
40. Rg1 Rh2+ 41. Kc1 Ra5 42. R1g4 Rh1+ 43. Kd2 Ra8 44. Rg1 Rxg1 45. Rxg1 Bxe6
46. Re1 1/2-1/2